La filosofia y el lenguaje en la historia /
Guardado en:
| Autor Principal: | |
|---|---|
| Formato: | Libro |
| Publicado: |
Mexico :
Unam,
2000
|
| Materias: | |
| Etiquetas: |
Agregar Etiqueta
Sin Etiquetas, Sea el primero en etiquetar este registro!
|
| LEADER | 00601nam a22001815a 4500 | ||
|---|---|---|---|
| 001 | EHU.bham024384 | ||
| 003 | AR-BHAM | ||
| 005 | 20130507143450.0 | ||
| 008 | 130507s2000##################000#0#####d | ||
| 082 | 4 | 0 | |a 401.09 |
| 100 | 1 | |a Beuchot, Mauricio | |
| 245 | 1 | 0 | |a La filosofia y el lenguaje en la historia / |c Mauricio Beuchot |
| 260 | |a Mexico : |b Unam, |c 2000 | ||
| 300 | |a 51 p. | ||
| 500 | |a Discurso De Ingreso A La Academia Mexicanaincluye Respuesta de Ramon Xirau.- | ||
| 653 | |a Filosofia del lenguaje | ||
| 653 | |a Linguistica-historia | ||
| 859 | |a AR-BHAM |b BIB. HUMANIDADES - General |h 401.09 |i B466-1 |p 185.02 |t Ej.1 | ||
